La distribución del ingreso

Збережено в:
Бібліографічні деталі
Співавтори: O.D.U.C.A.L (Автор), Organización de Universidades Católicas de América Latina (Автор)
Формат: Книга
Мова:Іспанська
Опубліковано: Buenos Aires Macchi 1982
Предмети:
Теги: Додати тег
Немає тегів, Будьте першим, хто поставить тег для цього запису!

MARC

LEADER 00000nam a2200000 a 4500
001 UCQ0414
003 CL-VaPUC
005 20240930164049.0
008 980627e19820000ag 1 spa d
082 0 4 |a 339.2  |b ODU  |2 21 
110 2 |a O.D.U.C.A.L  |e author  |9 619040 
710 2 |a Organización de Universidades Católicas de América Latina  |e author  |9 619041 
245 1 3 |a La distribución del ingreso 
260 |a Buenos Aires  |b Macchi  |c 1982 
300 |a 247 p 
583 |a last modification  |c 19980627 00:00:00  |k Rodrigo Vera 
650 0 0 |a Distribución del ingreso  |9 334288 
650 0 0 |a Distribución de la riqueza  |9 404226 
650 0 0 |a Teoría económica  |9 315055 
650 0 7 |a INGRESO  |2 CL-VaPUC  |9 334287 
650 0 7 |a INGRESO NACIONAL  |2 CL-VaPUC  |9 334289 
650 0 7 |a POLITICA DE INGRESOS  |2 CL-VaPUC  |9 337372 
651 0 |a América Latina   |9 255027 
942 |c BK 
945 |a crobeson  |d 19980627 00:00:00 
546 |a En Español 
536 |a ODUCAL 
518 |p La Distribucion del Ingreso, Buenos Aires, septiembre de 1981 
999 |c 383216  |d 383214 
952 |0 0  |1 0  |4 0  |6 339_200000000000000_ODU_1982  |7 0  |8 A  |9 505274  |a BIBENE  |b BIBENE  |d 2020-01-23  |i 1424793  |o 339.2 ODU 1982  |p 1424793  |r 2025-01-15  |w 2020-01-23  |y BK  |k ICO 
952 |0 0  |1 0  |4 0  |6 339_200000000000000_ODU_1982  |7 0  |8 A  |9 505275  |a BIBENE  |b BIBENE  |d 2020-01-23  |i 1434748  |o 339.2 ODU 1982  |p 1434748  |r 2025-01-15  |w 2020-01-23  |y BK  |k ICO